Crisis y cambio agricola en la baja Extremadura / (Record no. 7426)

MARC details
000 -LEADER
campo de control de longitud fija 00682nam a2200205 i 4500
001 - NÚMERO DE CONTROL
campo de control 7426
003 - IDENTIFICADOR DE NÚMERO DE CONTROL
campo de control ES-MaACL
005 - FECHA Y HORA DE LA ÚLTIMA TRANSACCIÓN
campo de control 20230906145230.0
007 - CAMPO FIJO DE DESCRIPCIÓN FÍSICA--INFORMACIÓN GENERAL
campo de control de longitud fija t|
008 - DATOS DE LONGITUD FIJA--INFORMACIÓN GENERAL
campo de control de longitud fija 901228s1989 sp ||||1| spa d
020 ## - NÚMERO INTERNACIONAL ESTÁNDAR DEL LIBRO
Número Internacional Estándar del Libro 84-7723-073-0
080 ## - NÚMERO DE LA CLASIFICACIÓN DECIMAL UNIVERSAL
Número de la Clasificación Decimal Universal 338:63(462.2)
100 1# - ENTRADA PRINCIPAL--NOMBRE DE PERSONA
Nombre de persona Pérez Díaz, Antonio.
9 (RLIN) 90830
245 10 - MENCIÓN DEL TÍTULO
Título Crisis y cambio agricola en la baja Extremadura /
Mención de responsabilidad, etc. Antonio Perez Diaz.
260 ## - PUBLICACIÓN, DISTRIBUCIÓN, ETC.
Lugar de publicación, distribución, etc. Caceres :
Nombre del editor, distribuidor, etc. Servicio de Publicaciones de la Universidad de Extremadura,
Fecha de publicación, distribución, etc. 1989.
300 ## - DESCRIPCIÓN FÍSICA
Extensión 184 p. ;
Dimensiones 18 cm.
651 #4 - PUNTO DE ACCESO ADICIONAL DE MATERIA--NOMBRE GEOGRÁFICO
Nombre geográfico Badajoz (Provincia)-
Subdivisión general Situación agraria.
9 (RLIN) 7853
710 2# - ENTRADA AGREGADA--NOMBRE DE ENTIDAD CORPORATIVA
Nombre de entidad corporativa o nombre de jurisdicción como elemento de entrada Universidad de Extremadura.
9 (RLIN) 7175
852 ## - LOCALIZACIÓN
Ubicación ES-MaACL
Número de control de estantería L-14692
Sublocalización o colección R.118684
Nota libre . - rust.
Holdings
Estatus retirado Estado de pérdida Estado de daño No para préstamo Biblioteca de origen Biblioteca actual Ubicación en estantería Fecha de adquisición Fuente de adquisición Total de préstamos Signatura topográfica completa Código de barras Visto por última vez Precio de reemplazo Tipo de ítem Koha
        Biblioteca del Ateneo de Madrid Biblioteca del Ateneo de Madrid Depósito 2 17/01/2008     L-14692 1007574 23/02/2023 23/02/2023 Libro impreso